01491cam a2200253 a 4500003000900000005001700009008004100026040002800067041000800095100002700103245017600130246012200306260004600428300004700474502011200521520036600633530002200999653003001021653002601051653002901077700005101106700004701157856003301204EG-GiCUC20250223030330.0110102s2007 ua dh f m 000 0 eng d aEG-GiCUCbengcEG-GiCUC0 aeng0 aShereen Farouk Mohamed10aBnoding to demineralized dentin using self - etching adhesive systems / cShereen Farouk Mohamed ; Supervised Dalia Mostafa Mohamed Aboulmagd , Dina Wafik Mahmoud Elkassas15aقوة ربط العاج منزوع المعادن باستخدام أنظمة اللاصق ذاتى الخرخشة aCairo : bShereen Farouk Mohamed , c2007 a107Leaves : bcharts , facsimiles ; c30cm aThesis (M.Sc.) - Cairo University - Faculty of Oral and Dental Medicine - Department of Operative Dentistry aThe aim of this study was to assess the bonding to demineralized dentin using self - etching adhesive ststems . The buccal dentin surfaces of 136 extracted , human permanent molars were used , 120 for shear bond strength testing and 16 for scanning electron microscopic examination . Teeth were divided into four groups according to the dentin surface treatment aIssued also as CD 4aCaries - affected dentin  4aDemineralized dentin  4aSelf - etching adhesive 0 aDalia Mostafa Mohamed Aboulmagd , eSupervisor0 aDina Wafik Mahmoud Elkassas , eSupervisor uhttp://172.23.153.220/th.pdf